Practical Waste Management

Bibliographic Details
Other Authors: Holmes, John R.
Format: Book
Published: New York : John Wiley &sons , 1983
Subjects:

MARC

LEADER 00000cam a2200000 7i4500
001 0000002248
005 20050613.0
020 |a 0471104914 
040 |a INS 
090 0 0 |a TD791.   |b P65 1983 
245 1 0 |a Practical Waste Management   |c John R. Holmes 
260 |a New York :   |b John Wiley &sons ,   |c 1983 
300 |a xvii :   |b 545p ;   |c 23 cm. 
650 0 0 |a Factory and trade waste 
650 0 0 |a Refuse and refuse disposal 
650 0 0 |a Sewage disposal 
700 1 |a Holmes, John R. 
999 |a 0000000560   |b BOOK   |c Open Shelf   |e Default branch